| 000 | 00362nam a2200157Ia 4500 | ||
|---|---|---|---|
| 008 | 230917s9999||||xx |||||||||||||| ||und|| | ||
| 040 |
_e76951 _aMAIN |
||
| 041 | _aEnglish | ||
| 082 | _a658. G875M | ||
| 100 | _aGriffin, Ricky W | ||
| 245 | 0 | _aManagement | |
| 250 | _a5th ed. | ||
| 260 |
_aDelhi _bA I T B S _c2000 |
||
| 300 | _axxxiii, 764 p. | ||
| 942 | _cBK | ||
| 999 |
_c113720 _d113720 |
||